| 000 | 01933nam a2200337Ia 4500 | ||
|---|---|---|---|
| 999 |
_c55675 _d55675 |
||
| 001 | 22770 | ||
| 003 | GE_BSU | ||
| 005 | 20230505125921.0 | ||
| 008 | 181216s ||||ge |||||||||||||| ||geo|| | ||
| 020 | _a9789941075278 | ||
| 040 | _cGE_BSU | ||
| 041 | _ageo | ||
| 080 | _a821.112.2(436)(092) ბ-32 | ||
| 100 |
_aბარბაქაძე, დათო _917995 |
||
| 245 |
_aესკიზები XX საუკუნის გერმანულენოვან პოეზიაზე : _bჰუგო ფონ ჰოფმანსთალი, რიხარდ ფონ შაუკალი, ანტონ ვილდგანსი, ალბერტ ერენშტაინი, ფელიქს ბრაუნი, ფრანც ვერფელი, ქრისტინე ბუსტა, ერნსტ მაისტერი / _cდათო ბარბაქაძე. |
||
| 250 | _aI გამოცემა | ||
| 264 |
_aთბილისი : _bმერწყული, _c2015. |
||
| 300 |
_a165 გვ. ; _c22 სმ. |
||
| 500 | _aპარალელური სათაური გერმანული ენაზე | ||
| 520 | _aპარალ.სათ. გერმ. ენ. | ||
| 541 | _h5 ლ. | ||
| 653 | _aავსტრიელი მწერლები | ||
| 653 | _aავსტრიული პოეზიის ისტორია და კრიტიკა | ||
| 653 | _aესკიზები XX საუკუნის გერმანულენოვან პოეზიაზე | ||
| 653 | _aჰუგო ფონ ჰოფმანსთალი | ||
| 653 | _a რიხარდ ფონ შაუკალი | ||
| 653 | _a ფრანც ვერფელი | ||
| 653 | _a ქრისტინე ბუსტა | ||
| 653 | _a ერნსტ მაისტერი | ||
| 942 |
_cBK _2udc |
||